<?xml version="1.0" encoding="UTF-8"?><?xml-stylesheet type="text/xsl" href="static/style.xsl"?><OAI-PMH xmlns="http://www.openarchives.org/OAI/2.0/" xmlns:xsi="http://www.w3.org/2001/XMLSchema-instance" xsi:schemaLocation="http://www.openarchives.org/OAI/2.0/ http://www.openarchives.org/OAI/2.0/OAI-PMH.xsd"><responseDate>2026-04-17T22:50:33Z</responseDate><request verb="GetRecord" identifier="oai:www.recercat.cat:2117/175156" metadataPrefix="marc">https://recercat.cat/oai/request</request><GetRecord><record><header><identifier>oai:recercat.cat:2117/175156</identifier><datestamp>2026-01-21T05:38:25Z</datestamp><setSpec>com_2072_1033</setSpec><setSpec>col_2072_452950</setSpec></header><metadata><record xmlns="http://www.loc.gov/MARC21/slim" xmlns:dcterms="http://purl.org/dc/terms/" xmlns:xsi="http://www.w3.org/2001/XMLSchema-instance" xmlns:doc="http://www.lyncode.com/xoai" xsi:schemaLocation="http://www.loc.gov/MARC21/slim http://www.loc.gov/standards/marcxml/schema/MARC21slim.xsd">
   <leader>00925njm 22002777a 4500</leader>
   <datafield ind2=" " ind1=" " tag="042">
      <subfield code="a">dc</subfield>
   </datafield>
   <datafield ind2=" " ind1=" " tag="720">
      <subfield code="a">Carreño Tibaduiza, Martha Liliana</subfield>
      <subfield code="e">author</subfield>
   </datafield>
   <datafield ind2=" " ind1=" " tag="720">
      <subfield code="a">Barbat Barbat, Horia Alejandro</subfield>
      <subfield code="e">author</subfield>
   </datafield>
   <datafield ind2=" " ind1=" " tag="720">
      <subfield code="a">Cardona, O.D.</subfield>
      <subfield code="e">author</subfield>
   </datafield>
   <datafield ind2=" " ind1=" " tag="260">
      <subfield code="c">2014</subfield>
   </datafield>
   <datafield ind2=" " ind1=" " tag="520">
      <subfield code="a">La teoría de conjuntos difusos ofrece un puente entre el procesamiento simbólico y el numérico que permite el uso de conceptos cualitativos útiles en el proceso de toma de decisiones relacionadas con la gestión del riesgo sísmico y, en general, con la gestión del riesgo de desastres. Su utilización en la evaluación del riesgo sísmico es necesaria en el caso en que los datos para aplicar un método de evaluación convencional del riesgo no estén disponibles o sean insuficientes. Una posible solución, considerada en este artículo, consiste en sustituir la información que falta por la opinión de expertos y en procesar las variables cualitativas y las calificaciones lingüísticas que se obtengan de dichas opiniones en lugar de valores numéricos. El procesamiento se realiza utilizando la teoría de conjuntos difusos. Para lograr una gestión eficaz, el riesgo se debe definir como las posibles consecuencias físicas, económicas, sociales y ambientales que pueden ocurrir en un período de tiempo determinado debido a fenómenos peligrosos. Desde esta perspectiva holística, y utilizando la teoría de conjuntos difusos, el método numérico propuesto calcula un nivel de riesgo físico y un nivel de agravamiento relacionado con las condiciones de fragilidad social y falta de resiliencia, para determinar un nivel de riesgo total. En el artículo se incluyen 2 ejemplos de aplicación del método propuesto y los resultados obtenidos se comparan con los correspondientes a un método convencional de evaluación holística.</subfield>
   </datafield>
   <datafield ind2=" " ind1=" " tag="520">
      <subfield code="a">The fuzzy set theory offers a bridge between the symbolic and numerical processing, allowing managing qualitative concepts useful in the decision-making process related to the seismic risk management and, in general, to the disaster risk management. Its use in the seismic risk evaluation is necessary in the cases where the data required to apply a conventional method of assessing risk are not available or are insufficient. One possible solution, considered in this article, is to replace the missing information by expert opinions and to process the resulting qualitative variables and linguistic qualifications instead of numerical values. This process is based on the fuzzy set theory. In order to achieve an effective management, the risk must be defined as the potential physical, economic, social and environmental consequences which occur due to hazards in a given period of time. From this holistic perspective and using the fuzzy set theory, the proposed numerical method calculates a level of the physical risk and level of the aggravating conditions related to social fragility and to the lack of resilience, to determine a total risk level. In the article are included two examples of application of the proposed method and the obtained results are compared with those corresponding to a conventional method of holistic evaluation.</subfield>
   </datafield>
   <datafield ind2=" " ind1=" " tag="520">
      <subfield code="a">Peer Reviewed</subfield>
   </datafield>
   <datafield tag="653" ind2=" " ind1=" ">
      <subfield code="a">Àrees temàtiques de la UPC::Matemàtiques i estadística::Anàlisi numèrica</subfield>
   </datafield>
   <datafield tag="653" ind2=" " ind1=" ">
      <subfield code="a">Numerical analysis</subfield>
   </datafield>
   <datafield tag="653" ind2=" " ind1=" ">
      <subfield code="a">Conjuntos difusos</subfield>
   </datafield>
   <datafield tag="653" ind2=" " ind1=" ">
      <subfield code="a">Inteligencia computacional</subfield>
   </datafield>
   <datafield tag="653" ind2=" " ind1=" ">
      <subfield code="a">Enfoque holístico</subfield>
   </datafield>
   <datafield tag="653" ind2=" " ind1=" ">
      <subfield code="a">Evaluación del riesgo</subfield>
   </datafield>
   <datafield tag="653" ind2=" " ind1=" ">
      <subfield code="a">Riesgo sísmico</subfield>
   </datafield>
   <datafield tag="653" ind2=" " ind1=" ">
      <subfield code="a">Vulnerabilidad socioeconómica</subfield>
   </datafield>
   <datafield tag="653" ind2=" " ind1=" ">
      <subfield code="a">Fuzzy sets</subfield>
   </datafield>
   <datafield tag="653" ind2=" " ind1=" ">
      <subfield code="a">Soft computing</subfield>
   </datafield>
   <datafield tag="653" ind2=" " ind1=" ">
      <subfield code="a">Holistic approach</subfield>
   </datafield>
   <datafield tag="653" ind2=" " ind1=" ">
      <subfield code="a">Risk evaluation</subfield>
   </datafield>
   <datafield tag="653" ind2=" " ind1=" ">
      <subfield code="a">Seismic risk</subfield>
   </datafield>
   <datafield tag="653" ind2=" " ind1=" ">
      <subfield code="a">Socio-economic vulnerability</subfield>
   </datafield>
   <datafield tag="653" ind2=" " ind1=" ">
      <subfield code="a">Anàlisi numèrica</subfield>
   </datafield>
   <datafield ind2="0" ind1="0" tag="245">
      <subfield code="a">Método numérico para la evaluación holística del riesgo sísmico utilizando la teoría de conjuntos difusos</subfield>
   </datafield>
   <datafield ind2="0" ind1="0" tag="245">
      <subfield code="a">Numerical method for the holistic evaluation of the seismic risk based on the fuzzy sets theory</subfield>
   </datafield>
</record></metadata></record></GetRecord></OAI-PMH>